[Event "45th Olympiad 2024"]
[Site "Budapest HUN"]
[Date "2024.09.12"]
[Round "2.52"]
[Board "3"]
[White "Brookfield, Toby"]
[Black "Andriamasoandro, Miora"]
[Result "0-1"]
[WhiteElo "1872"]
[BlackElo "2116"]
[PlyCount "76"]
[EventDate "2024.09.11"]
[WhiteTeam "Guernsey"]
[BlackTeam "Madagascar"]
[BlackTeamCountry "MAD"]

1. e4 c5 2. Nf3 d6 3. d4 cxd4 4. Nxd4 Nf6 5. Nc3 a6 6. h3 e5 7. Nde2 h5 8. g3 Be7 9. Bg2 Nbd7 10. Be3 b5 11. f4 ({RR} 11. Qd2 Bb7 12. a4 b4 13. Nd5 Nxd5 14. exd5 a5 15. c4 bxc3 16. Nxc3 Ba6 17. Nb5 O-O 18. O-O f5 19. f4 Bxb5 20. axb5 Bf6 21. Kh2 h4 22. gxh4 exf4 23. Bxf4 Be5 24. Qf2 Qf6 25. Ra2 Rac8 {½-½ Firman,N (2472)-Dominguez Perez,L (2748) Titled Tue 16th Jul Early 2024 (1)}) 11... Bb7 12. O-O Qc7 13. Qd2 Rc8 $146 ({RR} 13... Nb6 14. b3 b4 15. Nd5 Nbxd5 16. exd5 Rb8 17. Rfd1 Nd7 18. Rac1 a5 19. c3 bxc3 20. Nxc3 Qd8 21. f5 O-O 22. Qf2 Bg5 23. Bxg5 Qxg5 24. Ne4 Qh6 25. Rc7 Rfd8 26. Qa7 Bc8 27. Qxa5 Nf6 28. Rc3 {0-1 Korelskiy,E (2153)-Zemlyanskii,I (2237) Titled Tue 1st Nov Early 2022 (2)}) 14. Rac1 Nb6 15. Nd5 Bxd5 16. exd5 Nc4 17. Qc3 b4 18. Qb3 Nxe3 19. Qxe3 Qc5 20. Qxc5 Rxc5 21. fxe5 dxe5 22. c4 Ra5 23. Rfd1 Bc5+ 24. Kf1 Rh6 25. Ra1 Nd7 26. a3 Rf6+ 27. Ke1 bxa3 28. bxa3 Rxa3 29. Rxa3 Bxa3 30. Rb1 a5 31. Nc1 Bxc1 32. Rxc1 Nc5 33. Ke2 a4 34. Rc2 Rb6 35. Kd2 Ke7 36. Bf3 g6 37. Rc3 Rb2+ 38. Rc2 Nb3+ 0-1

[Event "45th Olympiad 2024"]
[Site "Budapest HUN"]
[Date "2024.09.12"]
[Round "2.52"]
[Board "4"]
[White "Rakotomaharavo, Dylan"]
[Black "Hill, Jonathan"]
[Result "1-0"]
[WhiteElo "2078"]
[BlackElo "1756"]
[PlyCount "93"]
[EventDate "2024.09.11"]
[WhiteTeam "Madagascar"]
[BlackTeam "Guernsey"]
[WhiteTeamCountry "MAD"]

1. d4 d5 2. c4 c6 3. Nc3 Nf6 4. e3 e6 5. Nf3 Nbd7 6. Bd2 Be7 7. Qc2 b6 8. Rd1 $146 ({RR} 8. Be2 Bb7 9. O-O O-O 10. Rfd1 Qc7 11. Rac1 Rac8 12. cxd5 exd5 13. b4 Qb8 14. Na4 Bd6 15. Qb1 Ne4 16. Bf1 Rfe8 17. g3 Ndf6 18. Bh3 Ba6 19. Nc3 Rc7 20. Be1 Nxc3 21. Rxc3 Be2 {0-1 Mayer,M-Lipinsky,F (2395) Oberfranken-chT U20 1998 (5)}) ({RR} 8. cxd5 cxd5 9. Nb5 O-O 10. Nc7 Rb8 11. Na6 Bxa6 12. Bxa6 Ne4 13. a4 Nxd2 14. Nxd2 Bb4 15. O-O Qe7 16. Rac1 Rbd8 17. Nf3 Bd6 18. Rfd1 Nb8 19. Qe2 Qd7 20. Qb5 Nxa6 21. Qxa6 Rc8 22. Qb5 {½-½ Volkov,S (2587)-Galkin,A (2507) Novgorod op 1999 (5)}) ({RR} 8. Bd3 dxc4 9. Bxc4 b5 10. Bd3 Bb7 11. a3 a6 12. Rd1 c5 13. Ne4 cxd4 14. Nxd4 Rc8 15. Qb1 Nc5 16. Nxc5 Bxc5 17. Ne2 g6 18. Bc3 Qe7 19. b4 Bd6 20. Qb2 e5 21. O-O Ne4 22. Bxe4 Bxe4 {1-0 Carvalho,C (1938)-Mazzuco Junior,A (1417) Sao Jose dos Campos op 2022 (2)}) ({RR} 8. cxd5 exd5 9. Bd3 Bb7 10. O-O-O c5 11. Kb1 Qc7 12. Rhg1 c4 13. Bf5 g6 14. Bh3 a6 15. g3 b5 16. e4 Nxe4 17. Nxe4 dxe4 18. Ng5 Nf6 19. Bg2 O-O 20. Nxe4 Nxe4 21. Bxe4 Bxe4 22. Qxe4 Bf6 {½-½ Bergez,L (2373)-Nezar,M (2296) FRA-ch qual Bescanon 1999 (4)}) 8... Bb7 9. Bd3 Qc7 10. O-O h6 11. Rfe1 O-O 12. Qb1 Rac8 13. cxd5 cxd5 14. Rc1 Qb8 15. h3 Rfd8 16. a3 Bd6 17. Kh1 Re8 18. Qa2 Qa8 19. Bb1 Nf8 20. Qb3 Ne4 21. Kg1 Nxd2 22. Nxd2 Be7 23. f4 Qb8 24. Nf3 Bf6 25. Qc2 Qc7 26. Nxd5 Qxc2 27. Nxf6+ gxf6 28. Rxc2 Rxc2 29. Bxc2 Rc8 30. Bd3 Ng6 31. Kf2 h5 32. Re2 a6 33. Rc2 b5 34. Rxc8+ Bxc8 35. Be4 Kf8 36. Ne1 f5 37. Bf3 h4 38. Nd3 Ke7 39. Nc5 Kd6 40. Bh5 Kc7 41. g3 hxg3+ 42. Kxg3 Kc6 43. Bxg6 fxg6 44. Kh4 Kd6 45. Kg5 Ke7 46. Kxg6 Kf8 47. Kf6 1-0

[Event "45th Olympiad 2024"]
[Site "Budapest HUN"]
[Date "2024.09.12"]
[Round "2.53"]
[Board "1"]
[White "Bai, Adelard"]
[Black "De Mey, Juan Pablo"]
[Result "1-0"]
[WhiteElo "2378"]
[BlackElo "1992"]
[PlyCount "73"]
[EventDate "2024.09.11"]
[WhiteTeam "Chinese Taipei"]
[BlackTeam "Aruba"]
[BlackTeamCountry "ARN"]

1. d4 d5 2. c4 e6 3. Nf3 Nf6 4. g3 Be7 5. Bg2 O-O 6. Nc3 Ne4 7. O-O f5 ({RR} 7... Nc6 8. Qc2 f5 9. a3 a5 10. Rd1 Bf6 11. Rb1 Kh8 12. h4 h6 13. b4 axb4 14. axb4 g5 15. hxg5 hxg5 16. b5 Ne7 17. Ne5 Kg7 18. g4 c5 19. Nxe4 fxe4 20. Bb2 Ra2 21. e3 cxd4 22. exd4 {½-½ Miroshnichenko,E (2696)-Radulski,J (2539) GRE-chT 37th 2009 (2)}) 8. Nxe4 $146 ({RR} 8. Ne5 c6 9. f3 Nxc3 10. bxc3 Nd7 11. Nxd7 Bxd7 12. Qb3 Qb6 13. cxd5 exd5 14. Rb1 Qxb3 15. Rxb3 b5 16. e4 fxe4 17. fxe4 dxe4 18. Rxf8+ Rxf8 19. Bxe4 Bh3 20. Bg2 Bxg2 21. Kxg2 Kf7 22. Be3 a5 {½-½ Kempkens,T-Funke,D Oberliga NRW 8687 I 1986 (3.8)}) ({RR} 8. Ne5 c6 9. Qc2 Nd7 10. Bf4 g5 11. Nxd7 Bxd7 12. Be5 Bf6 13. f3 Bxe5 14. dxe5 Qb6+ 15. e3 Qxe3+ 16. Kh1 Nxc3 17. bxc3 Qxe5 18. f4 gxf4 19. Rxf4 Rae8 20. Qf2 Qxc3 21. Rb1 b6 22. Rb3 Qa1+ {0-1 Moksh,A (2353)-Baskakov,E (2215) Titled Tue 13th Feb Early 2024 (6)}) ({RR} 8. Ne5 c6 9. f3 Nd6 10. c5 Nf7 11. Nxf7 Rxf7 12. b4 b6 13. Qc2 Nd7 14. a3 e5 15. e3 bxc5 16. dxc5 Ba6 17. Rd1 Bc4 18. Kh1 a5 19. Bd2 Qc8 20. Be1 Qa6 21. Rab1 Bf8 22. Qf2 e4 {0-1 Bai,A (2411)-Lindberg,B (2349) 50th Rilton Cup 2022-23 (6.25)}) ({RR} 8. Ne5 c6 9. Nxe4 fxe4 10. f3 exf3 11. Nxf3 Nd7 12. Bf4 Bf6 13. Qc2 Re8 14. Rad1 Qb6 15. Kh1 Nf8 16. Ne5 Bxe5 17. Bxe5 Ng6 18. Bd6 Ne7 19. e4 Qd8 20. Qf2 Rf8 21. Qxf8+ Qxf8 22. Rxf8+ Kxf8 {1-0 Mladek,R (2365)-Mazanek,D (1891) CZE-chT 2122 2021 (6.6)}) 8... fxe4 9. Nd2 Bf6 10. e3 c6 11. f3 exf3 12. Nxf3 Nd7 13. Qd3 Re8 14. Bd2 a5 15. e4 dxc4 16. Qxc4 Nb6 17. Qe2 Bd7 18. Rac1 Rf8 19. Be3 Be8 20. Bh3 Bf7 21. Ne5 Bxe5 22. dxe5 Nd7 23. Rcd1 Qe7 24. Bf4 Rad8 25. Rd6 Nc5 26. Rfd1 Rxd6 27. exd6 Qd8 28. Qe3 Nd7 29. Bg5 Qc8 30. Be7 Re8 31. Rf1 Rxe7 32. dxe7 Qe8 33. Qa3 c5 34. Qxa5 Qxe7 35. Qc7 b6 36. Rd1 Be8 37. Qd6 1-0

[Event "45th Olympiad 2024"]
[Site "Budapest HUN"]
[Date "2024.09.12"]
[Round "2.53"]
[Board "2"]
[White "Stetsenko, Ilya"]
[Black "Song, Raymond"]
[Result "0-1"]
[WhiteElo "1903"]
[BlackElo "2503"]
[PlyCount "72"]
[EventDate "2024.09.11"]
[WhiteTeam "Aruba"]
[BlackTeam "Chinese Taipei"]
[WhiteTeamCountry "ARN"]

1. d4 Nf6 2. c4 e6 3. Nf3 d5 4. g3 Bb4+ 5. Nbd2 dxc4 6. Bg2 O-O 7. Qc2 a5 8. Qxc4 b6 9. a3 Be7 10. Ne5 Ba6 11. Qc2 Ra7 12. Ndf3 c5 13. Be3 $146 ({RR} 13. dxc5 Bxc5 14. Nd3 Bxd3 15. Qxd3 Qxd3 16. exd3 Nd5 17. Ke2 Rc7 18. Bd2 Nc6 19. Rac1 Rfc8 20. Rc4 Be7 21. Rhc1 b5 22. R4c2 a4 23. Kd1 b4 24. axb4 Ncxb4 25. Rxc7 Rxc7 26. Rxc7 Nxc7 27. Ne5 f6 {½-½ Donchenko,A (2568)-Wojtaszek,R (2741) Bundesliga 1516 2015 (15.1)}) ({RR} 13. dxc5 Bxc5 14. O-O Rc7 15. Qd2 Qxd2 16. Bxd2 Bxe2 17. Rfe1 Bb5 18. b4 axb4 19. axb4 Bd6 20. Nd4 Bxe5 21. Rxe5 Bc4 22. Rc1 Rfc8 23. Bf4 Nbd7 24. Ree1 e5 25. Bxe5 Nxe5 26. Rxe5 g6 27. Nb5 Bxb5 {0-1 Ramirez Osio,J (2189)-Zaitsev,A (2473) Titled Tue 20th Jun Late 2023 (3)}) ({RR} 13. Bf4 cxd4 14. Rd1 Nd5 15. Nxd4 Nxf4 16. gxf4 Qc7 17. Qb3 Bf6 18. Qg3 Rd8 19. O-O Qc8 20. Qb3 Bxe5 21. fxe5 Rad7 22. Rc1 Rc7 23. Qe3 Rxc1 24. Rxc1 Qd7 25. Nc6 Nxc6 26. Bxc6 Qe7 27. f4 h6 {½-½ Sengupta,D (2586)-Wei,Y (2732) Asian Continental op 16th 2017 (2)}) 13... Rc7 14. Rc1 Nd5 15. Qd2 Nxe3 16. fxe3 Nd7 17. Nxd7 Qxd7 18. Ne5 Qb5 19. Bf3 c4 20. O-O Bd6 21. Ng4 Qg5 22. Rfd1 Rcc8 23. e4 Qxd2 24. Rxd2 b5 25. Rdc2 Rfd8 26. a4 bxa4 27. d5 a3 28. bxa3 Bxa3 29. Rb1 exd5 30. exd5 f6 31. e4 c3 32. Rd1 Bb5 33. Ra2 c2 34. Rxa3 cxd1=Q+ 35. Bxd1 Rc1 36. Ne3 Be2 0-1

[Event "45th Olympiad 2024"]
[Site "Budapest HUN"]
[Date "2024.09.12"]
[Round "2.53"]
[Board "4"]
[White "Antonio, Kyell-Jean"]
[Black "Wang, Ting-Hao"]
[Result "0-1"]
[WhiteElo "1763"]
[BlackElo "1842"]
[PlyCount "64"]
[EventDate "2024.09.11"]
[WhiteTeam "Aruba"]
[BlackTeam "Chinese Taipei"]
[WhiteTeamCountry "ARN"]

1. e4 c6 2. d4 d5 3. exd5 cxd5 4. c4 Nf6 5. Nc3 Nc6 6. Nf3 Bg4 7. Be3 e6 8. a3 Be7 ({RR} 8... Bd6 9. c5 Bb8 10. Be2 O-O 11. O-O Ne4 12. Ne1 Nxc3 13. bxc3 Bxe2 14. Qxe2 b6 15. Nd3 bxc5 16. Nxc5 Bd6 17. Qa6 Qc7 18. g3 Na5 19. Rab1 Rab8 20. Nd7 Qxd7 21. Qxa5 Rb7 22. Rfc1 Rc8 23. a4 {0-1 Varga,Z (2499)-Prohaszka,P (2443) Balatonlelle GM 25th 2007 (6)}) 9. Be2 O-O 10. O-O ({RR} 10. cxd5 Nxd5 11. O-O Rc8 12. h3 Bh5 13. Qd2 Na5 14. Qc2 Nc4 15. Bxc4 Bxf3 16. Bd3 Nxc3 17. bxc3 Bd5 18. Bxh7+ Kh8 19. Bd3 Qa5 20. Bd2 Bc4 21. Bxc4 Rxc4 22. Rfe1 Bf6 23. Qd3 Rfc8 24. Reb1 Qd5 {0-1 Silva,C-Garcia,J (2004) IV Niteroi Chess Open 2024 (2.30)}) 10... a6 $146 ({RR} 10... dxc4 11. Bxc4 a6 12. Re1 Qc7 13. Be2 Rfd8 14. Qc2 Bxf3 15. Bxf3 Nxd4 16. Bxd4 Rxd4 17. Rac1 Rc8 18. Qb3 Nd5 19. h3 Bd6 20. Kf1 Nxc3 21. Rxc3 Rc4 22. Bxb7 Rxc3 23. bxc3 Rb8 24. Rb1 Bxa3 25. Qxa3 {1-0 Pungarcic,T (1520)-Zaksek,P (1533) SLO-ch U14 Rogaska Slatina 2009 (7)}) ({RR} 10... Rc8 11. c5 Ne4 12. Qc2 Nxc3 13. Qxc3 Bf6 14. b4 Bxf3 15. Bxf3 e5 16. Qd2 exd4 17. Bf4 Re8 18. Rfe1 Ne5 19. Bxe5 Bxe5 20. Qa2 d3 21. Rad1 Bc3 22. Rxe8+ Qxe8 23. Qxd5 d2 24. Qe4 Qxe4 25. Bxe4 {0-1 Eydt,L (1470)-Copin,O (1904) FRA-chT2 1011 2010 (3.8)}) 11. c5 Ne4 12. Qc2 f5 13. Qc1 Bf6 14. Rd1 g5 15. g3 Qe7 16. b4 Qg7 17. Ra2 f4 18. Nxe4 dxe4 19. Nxg5 fxe3 20. Bxg4 Bxg5 21. Bxe6+ Kh8 22. fxe3 Nxd4 23. Bd5 Nc6 24. Re2 Rae8 25. Qc2 Qe5 26. Kg2 Rd8 27. Bc4 Rxd1 28. Qxd1 Qf6 29. Qe1 Ne5 30. Rf2 Qxf2+ 31. Qxf2 Rxf2+ 32. Kxf2 Nxc4 0-1

[Event "45th Olympiad 2024"]
[Site "Budapest HUN"]
[Date "2024.09.12"]
[Round "2.54"]
[Board "1"]
[White "Righi, Ezio"]
[Black "Giron, Jorge Ernesto"]
[Result "0-1"]
[WhiteElo "1909"]
[BlackElo "2276"]
[PlyCount "98"]
[EventDate "2024.09.11"]
[WhiteTeam "San Marino"]
[BlackTeam "El Salvador"]
[WhiteTeamCountry "SMR"]
[BlackTeamCountry "ESA"]

1. e4 c5 2. Nc3 Nc6 3. g3 g6 4. Bg2 Bg7 5. d3 e6 6. Be3 d6 7. Qd2 Rb8 8. Nge2 b5 9. O-O Nd4 10. Nd1 e5 $146 ({RR} 10... Nxe2+ 11. Qxe2 Ne7 12. Qd2 O-O 13. Bh6 e5 14. Bxg7 Kxg7 15. f4 f6 16. Ne3 Rb7 17. Rf2 Ng8 18. b4 Be6 19. a3 a5 20. bxc5 dxc5 21. fxe5 fxe5 22. Rxf8 Kxf8 23. Nd5 Bxd5 24. exd5 Rf7 25. Re1 {½-½ Kolbak,J (2330)-Nielsen,P DEN-ch67 Mesterskabet 1976 (3)}) ({RR} 10... Nxe2+ 11. Qxe2 Ne7 12. Qd2 O-O 13. Bh6 b4 14. Bxg7 Kxg7 15. Ne3 a5 16. f4 f5 17. Rae1 Bb7 18. exf5 exf5 19. Nc4 Bxg2 20. Qxg2 d5 21. Nxa5 Ra8 22. Nb3 Qd6 23. d4 c4 24. Nc5 Rf6 25. Re5 {0-1 Artemiev,V (2708)-Giri,A (2764) Chess.com Speed blitz 2020 (1.13)}) ({RR} 10... h5 11. h4 Ne7 12. c3 Nxe2+ 13. Qxe2 b4 14. Qd2 O-O 15. Bh6 a5 16. Bxg7 Kxg7 17. Ne3 Ba6 18. Rfd1 Qb6 19. d4 bxc3 20. bxc3 cxd4 21. cxd4 Rfc8 22. Rac1 Qb4 23. Rxc8 Qxd2 24. Rxd2 Nxc8 25. Rc2 {0-1 Babazada,K (2409)-Tabatabaei,M (2629) Titled Tuesday intern op 27th Apr blitz 2021 (6)}) ({RR} 10... Nxe2+ 11. Qxe2 Ne7 12. Qd2 O-O 13. Bh6 f5 14. Bxg7 Kxg7 15. Ne3 Bb7 16. Rae1 Qd7 17. exf5 Nxf5 18. Nxf5+ exf5 19. Bxb7 Rxb7 20. d4 f4 21. Re4 fxg3 22. hxg3 Qf5 23. Rf4 Qd5 24. Rxf8 Kxf8 25. Qh6+ {1-0 Klinger,J (2475)-Nun,J (2475) Dortmund-B 1989}) 11. c3 Nxe2+ 12. Qxe2 b4 13. f4 bxc3 14. Nxc3 Ne7 15. f5 f6 16. h4 Rb4 17. Rf2 Bd7 18. Raf1 gxf5 19. exf5 Kf8 20. a3 Rb3 21. g4 h6 22. g5 hxg5 23. hxg5 Be8 24. Qg4 Bf7 25. Ne4 Nd5 26. Bc1 Rxd3 27. g6 Bg8 28. Qe2 Rd4 29. Qa6 Qb6 30. Qxb6 Nxb6 31. b4 c4 32. a4 Bd5 33. a5 Nc8 34. Be3 Rd3 35. Re1 Rh4 36. Ng3 Bxg2 37. Kxg2 d5 38. Bc5+ Kg8 39. Rb1 e4 40. b5 Rg4 41. b6 axb6 42. axb6 Rgxg3+ 43. Kf1 Rb3 44. Rfb2 Nxb6 45. Bxb6 Bf8 46. Bd4 Ba3 47. Rxb3 Rxb3 48. Ra1 c3 49. Ke1 c2 0-1

[Event "45th Olympiad 2024"]
[Site "Budapest HUN"]
[Date "2024.09.12"]
[Round "2.54"]
[Board "2"]
[White "Arias, Daniel"]
[Black "Volpinari, Danilo"]
[Result "1-0"]
[WhiteElo "2213"]
[BlackElo "1939"]
[PlyCount "75"]
[EventDate "2024.09.11"]
[WhiteTeam "El Salvador"]
[BlackTeam "San Marino"]
[WhiteTeamCountry "ESA"]
[BlackTeamCountry "SMR"]

1. e4 c5 2. Nf3 e6 3. d4 cxd4 4. Nxd4 Nc6 5. Nc3 Qc7 6. g3 Nf6 7. Bg2 Nxd4 ({RR} 7... h5 8. O-O a6 9. Nxc6 bxc6 10. Re1 h4 11. Bg5 hxg3 12. hxg3 e5 13. Na4 Be7 14. c4 d6 15. c5 Bg4 16. cxd6 Bxd1 17. dxc7 Bxa4 18. b3 Bb5 19. a4 Bd3 20. Bxf6 gxf6 21. Re3 Bc4 22. bxc4 {½-½ Sevian,S (2660)-Belous,V (2532) PNWCC Online blitz JP 2nd 2020 (6)}) 8. Qxd4 Bc5 9. Qd1 d6 ({RR} 9... a6 10. O-O h5 11. Bf4 d6 12. h3 Bd7 13. Qd2 Rc8 14. Rad1 e5 15. Be3 Bb4 16. Bg5 Be6 17. a3 Bxc3 18. bxc3 Nd7 19. Qxd6 Qxd6 20. Rxd6 Rxc3 21. Rfd1 Rxc2 22. f4 Rc7 23. Bf1 Bb3 24. Rb1 {1-0 Saraci,N (2449)-Pobor,M (2209) Srdja Dragasevic Mem 2024 (1.4)}) 10. Na4 $146 ({RR} 10. O-O Bd7 11. Bg5 Bc6 12. a3 a6 13. b4 Ba7 14. a4 h6 15. Bxf6 gxf6 16. Ra3 Ke7 17. Ne2 Rac8 18. Qa1 h5 19. h4 Bd7 20. Rc3 Qb6 21. Rf3 Rh6 22. Qc1 Rch8 23. Qa3 Rc8 24. a5 Qb5 {1-0 Dgebuadze,A (2514)-Seifert,C (2316) Staufer op 26th 2014 (7)}) ({RR} 10. O-O Bd7 11. Kh1 h5 12. f4 O-O-O 13. f5 h4 14. g4 h3 15. Bf3 d5 16. exd5 Nxd5 17. Nxd5 exd5 18. a4 Rhe8 19. Bxd5 Bc6 20. c4 Re5 21. Rf3 Bxd5 {0-1 Karatsioras,N (1867)-Teske,H (2522) Baden-Baden op 2002 (1)}) 10... e5 11. O-O Be6 12. Nxc5 dxc5 13. f4 Rd8 14. Qe2 O-O 15. b3 c4 16. f5 Bd7 17. g4 Bb5 18. g5 Ne8 19. Be3 f6 20. a4 Ba6 21. b4 b6 22. a5 Bb5 23. axb6 axb6 24. Qf2 Rb8 25. Rfd1 Nd6 26. Qg3 Kh8 27. Qh4 fxg5 28. Bxg5 Rbe8 29. Ra3 Nf7 30. Be3 Rd8 31. Rda1 Qd6 32. Qf2 Rb8 33. Ra7 Qc6 34. Re7 Nd6 35. Rxe5 Qc7 36. Bf4 Qd7 37. Rd5 Rf6 38. Rad1 1-0

[Event "45th Olympiad 2024"]
[Site "Budapest HUN"]
[Date "2024.09.12"]
[Round "2.54"]
[Board "4"]
[White "Guevara Ruiz, Marvin Andres"]
[Black "Piva, Michele"]
[Result "1-0"]
[WhiteElo "2003"]
[BlackElo "1721"]
[PlyCount "79"]
[EventDate "2024.09.11"]
[WhiteTeam "El Salvador"]
[BlackTeam "San Marino"]
[WhiteTeamCountry "ESA"]
[BlackTeamCountry "SMR"]

1. e4 c5 2. Nf3 Nc6 3. d4 cxd4 4. Nxd4 g6 5. c4 Bg7 6. Be3 d6 7. Nc3 Nf6 8. Be2 O-O 9. O-O Re8 10. Nc2 ({RR} 10. Rb1 a6 11. Qd2 Bd7 12. Rfd1 Rc8 13. f3 Nxd4 14. Bxd4 Be6 15. Nd5 Nxd5 16. cxd5 Bxd4+ 17. Qxd4 Bd7 18. Rbc1 Qa5 19. a3 Bb5 20. Bxb5 Qxb5 21. Kf2 Qb3 22. Re1 h5 23. h4 Rc2+ {½-½ Speelman,J (2645)-Larsen,B (2560) Hastings 8899 1988}) ({RR} 10. h3 Bd7 11. Qd2 Nxd4 12. Bxd4 Bc6 13. Bf3 Nd7 14. Rad1 Bxd4 15. Qxd4 Qb6 16. b3 Qxd4 17. Rxd4 a5 18. Bg4 Nc5 19. f4 Kg7 20. Bf3 f6 21. g3 Rec8 22. Kf2 Ra6 23. Ke3 Rb6 24. Rb1 Kf7 {0-1 Han,Y (2414)-Janaszak,D (2308) Titled Tue 19th Mar Late 2024 (6)}) 10... a6 $146 ({RR} 10... Nd7 11. Qd2 Nc5 12. Bh6 Bh8 13. b4 Ne6 14. Be3 Bd7 15. f4 Rc8 16. Rad1 b6 17. a3 Nf8 18. Kh1 Bg7 19. h3 f5 20. Nd4 Ne6 21. Nxc6 Bxc6 22. exf5 gxf5 23. Rfe1 Kh8 24. Bf1 Qd7 25. Nd5 {1-0 Cebalo,M (2450)-Hartman,B CAN-CRO m Toronto 1979 (2)}) ({RR} 10... Bd7 11. f3 Rc8 12. Rc1 Ne5 13. b3 a6 14. Nd5 Be6 15. Bb6 Qd7 16. f4 Nc6 17. Bd3 Bxd5 18. exd5 Nd8 19. f5 gxf5 20. Bxf5 e6 21. Bh3 Qe7 22. Ne3 Nd7 23. Bd4 Qg5 24. Rf3 Ne5 25. Rg3 {1-0 Chuchelov,V (2530)-Vandevoort,P (2305) Brussels op 1995}) 11. h3 Rb8 12. Rb1 Be6 13. f4 Qc8 14. Qe1 Bd7 15. a4 e5 16. Qd2 Rd8 17. Bb6 Bxh3 18. Bxd8 Bxg2 19. Kxg2 Qxd8 20. f5 Qf8 21. fxg6 hxg6 22. Qg5 b5 23. cxb5 Nd4 24. Nxd4 exd4 25. Nd5 Nxe4 26. Ne7+ Kh7 27. Rh1+ Bh6 28. Qxh6+ Qxh6 29. Rxh6+ Kxh6 30. bxa6 Nc3 31. bxc3 Rxb1 32. a7 dxc3 33. Bd3 Rb2+ 34. Kf3 c2 35. Bxc2 Rxc2 36. a8=Q Rc5 37. a5 f5 38. a6 Rc3+ 39. Ke2 Rc5 40. Kd3 1-0

[Event "45th Olympiad 2024"]
[Site "Budapest HUN"]
[Date "2024.09.12"]
[Round "2.55"]
[Board "2"]
[White "Weldegebriel Beraki, Kibrom"]
[Black "Ang, Ern Jie Anderson"]
[Result "0-1"]
[WhiteElo "1885"]
[BlackElo "2132"]
[PlyCount "58"]
[EventDate "2024.09.11"]
[WhiteTeam "Eritrea"]
[BlackTeam "Malaysia"]
[WhiteTeamCountry "ERI"]
[BlackTeamCountry "MAS"]

1. c4 {Mamedyarov,Shakhriyar} c5 2. Nc3 Nc6 3. Nf3 g6 4. g3 Bg7 5. Bg2 d6 6. O-O Nf6 7. e3 O-O 8. d4 e5 ({RR} 8... d5 9. cxd5 Nxd5 10. Nxd5 Qxd5 11. Ne5 Qd6 12. Nc4 Qc7 13. d5 Rd8 ({RR} 13... Ne5 14. Qc2 Bd7 15. Nxe5 Bxe5 16. Bd2) 14. Bd2 Nb4 ({RR} 14... Ne5 15. Nxe5 Bxe5 16. Bc3) 15. Bxb4 ({RR} 15. e4 b5 16. Bf4 e5 ({RR} 16... Qb7 17. Ne5 g5 ({RR} 17... f6 18. Nd3) ({RR} 17... c4 18. a3 Bxe5 19. Bxe5 Nd3 20. Bc3) 18. Nxf7 Kxf7 19. Bxg5 Qb6 ({RR} 19... c4 20. e5 Bf5 21. Qf3 Kg6 22. g4 Bd3 23. e6 Rf8 24. Qh3 h6 25. Rad1 Kxg5 26. Qh5+ Kf4 27. Rde1 Nc2 28. g5 Nxe1 29. Rxe1 Qb6 30. Qh4+ Kf5 31. Qh5 Kf4 32. Bf3 ({RR} 32. h3 Qxf2+ 33. Kxf2 Bd4+ 34. Re3 Bxe3+ 35. Ke1 Ke5)) 20. a3 Na6 21. e5) 17. d6) 15... cxb4 16. Rc1 a5 ({RR} 16... Bd7 17. Qd2 a5 18. e4) 17. a3 bxa3 18. bxa3 a4 19. Qd3 ({RR} 19. Qd2 Qc5 20. Qa2 Bd7 21. Ne5 Qd6 22. Nxd7 Qxd7 23. Rfd1) 19... Bf5 ({RR} 19... Rb8 20. f4 Bd7 21. Ne5 Qd6 22. Nxd7 Qxd7 23. e4) 20. e4 Bd7 21. Qe3 Ra6 22. e5 b5 23. d6 {1-0 Mamedyarov,S (2801)-Carlsen,M (2842) Biel GM 51st 2018 (9)} {RR} exd6 24. Nxd6 Qa7 25. Qg5 Rf8 26. Bd5) 9. dxe5 ({RR} 9. d5 Na5 10. Qe2 e4 11. Ng5 Bg4 12. Qc2 Nxc4 13. Ngxe4 Nb6 14. h3 Bf5 15. Nxf6+ Bxf6 16. e4 Bd7 17. Bf4 Nc4 18. a4 Qa5 19. Nd1 b5 20. Ne3 Ne5 21. Bh6 Rfe8 22. f4 Nc4 23. Nxc4 bxc4 {0-1 Semak,S (1639)-Makhina,V (1829) Korchnoi Mem Open 2024 (4.129)}) 9... dxe5 10. Qe2 e4 $146 ({RR} 10... Bg4 11. h3 Bxf3 12. Bxf3 Qd7 13. Kh2 Rad8 14. Rb1 Qd3 15. Qxd3 Rxd3 16. Nd5 Nxd5 17. cxd5 Ne7 18. Be4 Rxd5 19. Bxd5 Nxd5 20. e4 Nb4 21. Rd1 Nc6 22. Rd7 Rb8 23. Be3 Nd4 24. Rc1 Bf8 25. Kg2 {1-0 Vine,K-Tamargo,J Manhattan CC-ch sf-B 5657 1956 (3)}) ({RR} 10... a6 11. Rd1 Qc7 12. Nd5 Nxd5 13. cxd5 Na5 14. Nd2 Rb8 15. Rb1 b5 16. b3 f5 17. Bb2 Nb7 18. Nf3 Re8 19. e4 fxe4 20. Ng5 Nd6 21. Nxe4 Bf5 22. Nxd6 Qxd6 23. Be4 Rec8 24. Ba3 Qb6 25. Rbc1 {1-0 Sutherland,K-Rodgers,R Canadian op Ottawa 1962 (3.16)}) 11. Ng5 Bg4 12. Qc2 Nb4 13. Qb3 Qe7 14. Ngxe4 Nxe4 15. Nxe4 Be2 16. Re1 Bd3 17. Nc3 Bxc3 18. Qxc3 Nc2 19. Qxd3 Nxe1 20. Qe2 Nxg2 21. Kxg2 Rad8 22. Bd2 Qe4+ 23. Kg1 Qc2 24. Rd1 Rd3 25. Kf1 Rfd8 26. Ke1 Qxb2 27. h4 b5 28. h5 bxc4 29. hxg6 hxg6 0-1

[Event "45th Olympiad 2024"]
[Site "Budapest HUN"]
[Date "2024.09.12"]
[Round "2.56"]
[Board "3"]
[White "Hussain, Nimal"]
[Black "Nader Obeid"]
[Result "0-1"]
[WhiteElo "1805"]
[BlackElo "2083"]
[PlyCount "108"]
[EventDate "2024.09.11"]
[WhiteTeam "Maldives"]
[BlackTeam "Sudan"]
[WhiteTeamCountry "MDV"]
[BlackTeamCountry "SUD"]

1. d4 d5 2. c4 c6 3. Bf4 e6 ({RR} 3... dxc4 4. e3 Be6 5. Nf3 Nf6 6. Ne5 Nd5 7. Bg3 b5 8. Be2 f6 9. Nf3 Nd7 10. O-O Bf7 11. a4 a6 12. e4 N5b6 13. Nc3 e6 14. d5 cxd5 15. exd5 exd5 16. a5 Nc8 17. Re1 Be7 18. Nxd5 {0-1 Rasmussen,K (2423)-Hansen,S (2537) DEN-ch Horsens 2003 (7)}) 4. e3 Bd6 ({RR} 4... Nf6 5. Bd3 Bb4+ 6. Nc3 dxc4 7. Bxc4 Nd5 8. Bxd5 exd5 9. Nf3 Bg4 10. O-O O-O 11. h3 Bh5 12. Kh1 Re8 13. Rg1 Nd7 14. Qb3 Qb6 15. Ne5 Nxe5 16. Bxe5 Be7 17. Qxb6 axb6 18. g4 Bg6 19. a3 {½-½ Enkhnasan,N (1674)-Kassymov,T (1930) Asian Seniors +65 2024 (9.9)}) 5. Bg3 f5 $146 ({RR} 5... Nf6 6. Nc3 Nbd7 7. Nf3 Bxg3 8. hxg3 Qc7 9. Qc2 h6 10. Bd3 dxc4 11. Bxc4 e5 12. O-O-O exd4 13. Nxd4 Nb6 14. Bb3 Qe7 15. Nf5 Bxf5 16. Qxf5 Nbd7 17. Rd4 Nc5 18. Bc2 Ne6 19. Rd2 Qc5 20. Ne4 {½-½ Battsengel,S (2025)-Soyolmaa,D (2056) MGL-ch (Women) 2002 (7)}) ({RR} 5... Nf6 6. Nc3 Bc7 7. Nf3 Ba5 8. Qc2 Nbd7 9. Bd6 dxc4 10. Ba3 b5 11. b4 Bb6 12. Bb2 a5 13. Ba3 Bb7 14. bxa5 Bxa5 15. Nd2 Nd5 16. Nxd5 exd5 17. Bd6 Nb6 18. Be5 f6 19. Bg3 Na4 20. Be2 {½-½ Horelik,L-Geisert,B Hassloch op-B 1999 (4)}) 6. Nc3 Nf6 7. Nf3 O-O 8. Bd3 Ne4 9. Bxd6 Qxd6 10. Ne5 Nd7 11. f4 Nxe5 12. dxe5 Qc5 13. Qe2 Nxc3 14. bxc3 dxc4 15. Bxc4 b5 16. Bb3 a5 17. c4 a4 18. Bc2 bxc4 19. Kf2 Ba6 20. Bxa4 c3 21. Qc2 Bd3 22. Qb3 Bc4 23. Qc2 Bd5 24. Rhc1 Rfb8 25. Bb3 Ra3 26. Rab1 Bxb3 27. Rxb3 Rba8 28. Qxc3 Rxa2+ 29. Kg3 Qd5 30. Rc2 h6 31. Qc4 Rxc2 32. Qxc2 c5 33. Rd3 Qe4 34. Rc3 Qxc2 35. Rxc2 Ra5 36. Kh4 Kf7 37. h3 Rb5 38. Kh5 Ra5 39. g4 fxg4 40. hxg4 Rb5 41. Ra2 Rb7 42. e4 c4 43. f5 c3 44. Rc2 Rc7 45. f6 Rc5 46. fxg7 Kxg7 47. Kh4 Kg6 48. Kg3 Kg5 49. Kf3 Rc4 50. Ke3 Kxg4 51. Kd3 Rc8 52. Rg2+ Kf3 53. Rc2 Rd8+ 54. Kxc3 Rc8+ 0-1